Afrikan maiden nimiä sekoitettuina - Statistics

Yleistilastot
  • Tätä visaa on pelattu 50 kertaa
  • Keskiarvotulos 14 / 15
Vastaustilastot
Vhje Vastaus % Oikein
kpa edrev Kap verde
100%
Durunbi Burundi
98%
Tiepyg Egypti
98%
Etelä karikaf Etelä Afrikka
98%
Mdgskraaaa Madagaskar
98%
Okkoram Marokko
98%
Maataurini Mauritania
98%
Nimibaa Namibia
98%
Atoipie Etiopia
96%
Bayli Libya
96%
Swzmaiaa Swazimaa
96%
Satannia Tansania
96%
Ditjuobi Djibouti
94%
Swabanots Botswana
91%
Danus Sudan
91%
Ehtoja vastaavia visoja ei löytynyt
Tulosjakauma
Jokaisen tuloksen saaneiden osuus
Persentiili vastausten määrän mukaan
Tuloshistoriasi
Et ole pelannut tätä visaa